Statystyki dla Wszystkie piosenki Quebonafide

Kliknij tutaj aby rozwiązać quiz!

Ogólne statystyki

  • Ten quiz został rozwiązany 497 razy
    (491 od ostatniego zresetowania)
  • Średni wynik to 45 z 96

Statystyki odpowiedzi

albumtytuł piosenki% Poprawnych
/Madagaskar
83%
/Tamagotchi
80%
/Zorza
80%
/8 kobiet
79%
/JESIEŃ
74%
/Kryptowaluty
74%
ROMANTIC PSYCHOROMANTICPSYCHO
74%
/Half dead
72%
/Odyseusz
72%
/Quebahombre
72%
/Candy
71%
/C'est la vie
71%
/Szejk
68%
EzoterykaHype
67%
/SZUBIENICAPESTYCYDYBROŃ
67%
/BUBBLETEA
66%
/Między słowami
66%
Dla fanek euforiiBogini
65%
/Visa
64%
/Bollywood
63%
/Luis Nazario de Lima
63%
/Bumerang
62%
/ASPARTAM
61%
/Kawa i xanax
61%
/TOKYO2020
61%
/Arabska noc
60%
/GAZPROM
60%
Soma 0,5mgIntro
60%
/ŚWIATTOMÓJPLACZABAW
60%
/Ekodiesel
58%
/Art-B
57%
/Soma
57%
/To nie jest hip-hop
56%
/Outro
55%
/Changa
54%
/Mleko & miód
54%
/NIEPŁACZĘPONOTREDAME
54%
/TĘSKNIEZASTARYMKANYE
54%
/Nóż
52%
/Hypebae
51%
/Love
51%
/Love
51%
/Metallica 808
51%
EgzotykaOh My Buddha
51%
/PRZYTOBIE
51%
/Moje demony uciekły na urlop
48%
/Sectumsempra
48%
/ZŁOTEGLOBY
48%
/Pablo
47%
/Wiem
47%
/AJETLAGTOMÓJNOWYDRAG
46%
/C3PO
45%
/ŁAJZA
45%
Soma 0,25mgLeonardo
44%
/PIN
44%
/TOWSZYSTKOBYŁODLACIEBIE
44%
/COJESTMAŁPY
43%
Dla fanów EklektykiZnaki zapytania
43%
/Avengers
40%
/Manekin
40%
/Co jest ze mną
39%
/CZŁOWIEKZKSIĘŻYCA
39%
/Żadnych zmartwień
38%
/BDSM
37%
/Noc w noc
37%
/Trip
37%
/Benevento
36%
/TLC
36%
/Voodoo
36%
/Ciernie
35%
/Pieskie życie
35%
/Eden Hazard
34%
/Giro d'Italia
34%
/Ankh
31%
/JESTEMKURWACZARODZIEJEM
30%
/RUMPELSTILSKIN
30%
/Kostka Rubika
28%
/Lara Croft
28%
/Ile mogłem
26%
EklektykaRock'n'Roller 2
26%
/Codzienność
24%
/Harry Angel
24%
/Open Bar
23%
/Tarot
22%
/Paulo Coelho
21%
/25 godzina
20%
/Ciuchy, kobiety...
20%
/Miszmasz freestyle
19%
/Vanilla Sky
19%
/Blockbuster
18%
/Kyrie eleison
18%
/Powszechny i śmiertelny
18%
/Carnival
17%
/Hossa
17%
/Polis
16%
/Światłowstręt
16%

Rozkład punktacji

Percentyl według liczby udzielonych odpowiedzi

Procent ludzi z każdym wynikiem

Twoja historia wyników

Nie rozwiązałeś tego quizu od ostatniego zresetowania